| 000 | 01159nam a22003370a 4500 | ||
|---|---|---|---|
| 001 | PT14634 | ||
| 003 | AR-LpoUNG | ||
| 005 | 20210131232627.0 | ||
| 008 | 191001ss.f.||||ag |||||||||||||||||spa d | ||
| 040 |
_aAR-LpoUNG _bspa _cAR-LpoUNG _eaacr |
||
| 041 | _aspa | ||
| 044 | _aag | ||
| 082 | 0 | _a982.03 429his | |
| 100 | 1 | _aBelgrano, Mario | |
| 245 | 1 | 0 | _aHistoria de Belgrano |
| 260 |
_aBuenos Aires : _bInstituto Nacional Belgraniano, _cs.f.. |
||
| 300 |
_a386 p. : _btbls. |
||
| 520 | _aEl texto compila pasajes biográficos de Manuel Belgrano, contiene temas como: Los antecedentes de su familia; Belgrano general en jefe del ejército del Perú; Belgrano en Potosí; Belgrano en Buenos Aires; Belgrano comandante en jefe de las fuerzas del litoral; Belgrano en Tucumán; etc. | ||
| 650 | 4 | _aACTIVIDAD MILITAR | |
| 650 | 4 | _aANALISIS HISTORICO | |
| 650 | 4 | _aARGENTINA | |
| 650 | 4 | _aBIOGRAFIAS | |
| 650 | 4 | _aDESCOLONIZACION | |
| 650 | 4 | _aHISTORIA | |
| 650 | 4 | _aINDEPENDENCIA | |
| 650 | 4 | _aMOVIMIENTOS DE LIBERACION NACIONAL | |
| 650 | 4 | _aREVOLUCION | |
| 651 | 4 | _aDOCUMENTOS TEORICOS O METODOLOGICOS | |
| 905 | _a14634 | ||
| 942 | _cLIB | ||
| 999 |
_c16626 _d16626 |
||